Library Banner

The betrayal (Record no. 82634)

MARC details
000 -LEADER
fixed length control field 00363nam a22001457a 4500
005 - DATE AND TIME OF LATEST TRANSACTION
control field 20160204121112.0
008 - FIXED-LENGTH DATA ELEMENTS--GENERAL INFORMATION
fixed length control field 160204b xxu||||| |||| 00| 0 eng d
040 ## - CATALOGING SOURCE
Transcribing agency PK-LaUMT
082 ## - DEWEY DECIMAL CLASSIFICATION NUMBER
Classification number AMC 959.704
Item number WIL-B
100 ## - MAIN ENTRY--PERSONAL NAME
Personal name William R. corson
245 ## - TITLE STATEMENT
Title The betrayal
Statement of responsibility, etc William R. corson
260 ## - PUBLICATION, DISTRIBUTION, ETC. (IMPRINT)
Place of publication, distribution, etc New York
Name of publisher, distributor, etc Ace books
Date of publication, distribution, etc 1968
300 ## - PHYSICAL DESCRIPTION
Extent 317 p.
942 ## - ADDED ENTRY ELEMENTS (KOHA)
Koha item type Books
Holdings
Withdrawn status Lost status Damaged status Home library Current library Date acquired Full call number Barcode Date last seen Price effective from Koha item type
      UMT Main Campus UMT Main Campus 2016-02-04 AMC 959.704 WIL-B 85558 2016-02-04 2016-02-04 Books